| 000 | 00531nam a22001817a 4500 | ||
|---|---|---|---|
| 003 | CEME | ||
| 005 | 20210628205157.0 | ||
| 008 | 210301b xxu||||| |||| 00| 0 eng d | ||
| 020 | _a0-906674-05-2 | ||
| 040 | _c. | ||
| 082 | _a620.1123 OWE'F | ||
| 100 |
_aOwen, D. R. J Hinton, E _974282 |
||
| 245 | _aFinite elements in plasticity theory and practice theory and practice | ||
| 260 |
_aUK _bPINERIDGE _c1980 |
||
| 300 | _a594P | ||
| 650 |
_aFINITE ELEMENT METHODS PLASTICITY ELASTICITY ACC NO-30878 _974283 |
||
| 942 |
_cBK _2ddc |
||
| 999 |
_c579837 _d579837 |
||